The legend of nandan / (Record no. 164345)

MARC details
000 -LEADER
fixed length control field 00521nam a22001817a 4500
005 - DATE AND TIME OF LATEST TRANSACTION
control field 20190524162236.0
010 ## - LCCN (DPL NO)
LC control number B-106875
020 ## - INTERNATIONAL STANDARD BOOK NUMBER
International Standard Book Number 0195674456
Terms of availability 120.00
035 ## - SYSTEM CONTROL NUMBER
System control number B-106875
037 ## - SOURCE OF ACQUISITION
Source of stock number/acquisition Oxford University Press.
082 ## - DEWEY DECIMAL CLASSIFICATION NUMBER
Classification number 882
100 ## - MAIN ENTRY--PERSONAL NAME
Personal name Partgasarathy, Indira.
245 ## - TITLE STATEMENT
Title The legend of nandan /
Statement of responsibility, etc Indira Parthasarathy
Remainder of title Nandan Kathai
260 ## - PUBLICATION, DISTRIBUTION, ETC. (IMPRINT)
Place of publication, distribution, etc New Delhi
Name of publisher, distributor, etc Oxford University Press.
Date of publication, distribution, etc 2003
300 ## - PHYSICAL DESCRIPTION
Extent 82p
Dimensions 21cm (hbk)
700 ## - ADDED ENTRY--PERSONAL NAME
Personal name Indra, C.T.
942 ## - ADDED ENTRY ELEMENTS (KOHA)
Source of classification or shelving scheme Dewey Decimal Classification
Item type English Books
Classification part 882
Call number suffix PAR
Holdings
Withdrawn status Lost status Not for loan Collection code Home library Current library Date acquired Full call number Barcode Koha item type
      Non-fiction Sarojini Nagar Sarojini Nagar 16/05/2019 882 PAR B-106875 English Books

© Delhi Public Library
Hit Counter
free hit counter